00624nam a2200241 a 4500001001300000003000900013005001700022008004100039020001000080082001300090100001600103245002700119260002800146300000900174500003500183505001000218650001700228700001600245902000800261942000700269952009300276999001300369nice12345678IN_TiNIC20260116011258.0050524s1929 lona grp 000 0 eng  ac10000a232bMAL aMaltby, W R aSignificance of Jesus. aLondonbSCM Pressc1929 a111p aincludes index and biblioraphy2 aIndex aJesus Christ1 aMaltby, W R bSRS cBK 00104070aHMIbHMId2007-06-15g100.00l0o232 MALp3992r2007-06-15w2026-01-16yARB c116d116